Chile-Mercosur y estrategias sindicales en la región /

Detalles Bibliográficos
Autor principal: Ensignia, Jaime
Otros Autores: Heinrich, Sassenfeld
Formato: Libro
Lenguaje:inglés
Publicado: Santiago, Chile Freidrich Ebert Stiftung 1996
Materias:
Acceso en línea:

MARC

LEADER 00000cam a2200000 a 4500
001 010283
003 UAHC_CL
005 20170803120649.0
008 010822b xx j 000 1 eng
020 |a 9567630011 
040 |a UAHC_CL  |c UAHC_CL  |d UAHC_CL 
082 0 4 |a 337.11 E56 
100 1 |a Ensignia, Jaime 
245 1 0 |a Chile-Mercosur y estrategias sindicales en la región /  |c Jaime Ensignia, Sassenfeld Heinrich ed. 
260 |b Freidrich Ebert Stiftung  |c 1996  |a Santiago, Chile 
300 |a 177 p. 
650 4 |a MERCOSUR-CHILE 
650 4 |a SINDICATOS 
700 1 |a Heinrich, Sassenfeld 
900 |a 337.11 ENS 
942 |c BK 
952 |0 0  |1 0  |4 0  |6 337_110000000000000_ENS  |7 0  |8 General  |9 21293  |a BC  |b BC  |c General  |d 2017-08-03  |l 0  |o 337.11 ENS  |p 1300120  |r 2026-01-13 00:00:00  |t 1  |w 2017-08-03  |y BK 
999 |c 10283  |d 10283